Loading...
| Literature - World | 0 | 7 | 1 | 0 | 65 | 64 | 78.14 | 4 | 7 | 0.00 | 0.00 |
| Literature - European | 0 | 5 | 0 | 0 | 50 | 58 | 93.80 | 4 | 5 | 0.00 | 0.00 |
| Literature - British | 0 | 4 | 1 | 0 | 35 | 80 | 98.00 | 2 | 4 | 0.00 | 0.00 |
| Mythology | 0 | 3 | 0 | 0 | 30 | 60 | 69.33 | 3 | 3 | 0.00 | 0.00 |
| Literature - American | 0 | 4 | 2 | 0 | 30 | 76 | 83.75 | 2 | 4 | 0.00 | 0.00 |
| Fine Arts - Painting & Sculpture | 0 | 1 | 0 | 0 | 10 | 102 | 102.00 | 0 | 1 | 0.00 | 0.00 |
| Religion | 0 | 1 | 0 | 1 | 10 | 126 | 126.00 | 0 | 1 | 0.00 | 0.00 |
| Science - Other | 0 | 1 | 0 | 0 | 10 | 113 | 113.00 | 0 | 0 | 0.00 | 0.00 |
| Science - Chemistry | 0 | 1 | 1 | 0 | 5 | 114 | 114.00 | 0 | 0 | 0.00 | 0.00 |
| Science - Physics | 0 | 1 | 2 | 0 | 0 | 89 | 89.00 | 0 | 1 | 0.00 | 0.00 |